[Event "Magdeburg op-B"]
[Site "Magdeburg"]
[Date "2014.06.14"]
[Round "9"]
[White "Friedrich, Laura"]
[Black "Fromm, Marius"]
[Result "1/2-1/2"]
[WhiteElo "1036"]
[BlackElo "899"]
[PlyCount "63"]
[EventDate "2014.06.08"]
[EventType "swiss"]
[EventRounds "9"]
[EventCountry "GER"]
[SourceTitle "CBM 160 Extra"]
[Source "ChessBase"]
[SourceDate "2014.07.01"]
[SourceVersion "1"]
[SourceVersionDate "2014.07.01"]
[SourceQuality "1"]

1. e4 e5 2. Nf3 Nc6 3. Nc3 Nf6 4. Bb5 Bb4 5. 0-0 0-0 6. d3 d6 7. h3 Be6 8. Bg5 Bxc3 9. bxc3 h6 10. Bh4 d5 11. exd5 Bxd5 12. d4 Re8 13. Bxc6 Bxc6 14. dxe5 Qxd1 15. Rfxd1 Bxf3 16. gxf3 Nh7 17. Rd7 Rxe5 18. Rad1 Rc8 19. Rd8+ Rxd8 20. Rxd8+ Nf8 21. Rc8 Rc5 22. Be7 Rxc3 23. Rxf8+ Kh7 24. Rxf7 Rxc2 25. Bf6 Kg6 26. Rxg7+ Kxf6 27. Rd7 Rxa2 28. Rxc7 b5 29. Rb7 a6 30. Kg2 Kf5 31. Kg3 Rc2 32. Rb6 1/2-1/2

[Event "Magdeburg op-B"]
[Site "Magdeburg"]
[Date "2014.06.12"]
[Round "7"]
[White "Friedrich, Laura"]
[Black "Groskurt, Benjamin"]
[Result "0-1"]
[WhiteElo "1036"]
[BlackElo "1141"]
[PlyCount "66"]
[EventDate "2014.06.08"]
[EventType "swiss"]
[EventRounds "9"]
[EventCountry "GER"]
[SourceTitle "CBM 160 Extra"]
[Source "ChessBase"]
[SourceDate "2014.07.01"]
[SourceVersion "1"]
[SourceVersionDate "2014.07.01"]
[SourceQuality "1"]

1. e4 e6 2. d4 d5 3. exd5 exd5 4. Bd3 Nc6 5. Be3 Bd6 6. Nc3 Nge7 7. Nge2 Be6 8. 0-0 a6 9. a4 Nb4 10. Qd2 Nxd3 11. Qxd3 Bf5 12. Qd2 Qd7 13. Ng3 0-0-0 14. Bg5 f6 15. Be3 g5 16. Nh5 Qe6 17. Rfe1 Qf7 18. Ng3 h5 19. Nxf5 Nxf5 20. Qd3 Ne7 21. Rad1 Ng6 22. Qf5+ Kb8 23. Bxg5 Rdf8 24. Be3 Nh4 25. g3 Nxf5 26. Rd3 Rfg8 27. Kf1 h4 28. Ke2 hxg3 29. fxg3 Rxh2+ 30. Kd1 Nxe3+ 31. Rdxe3 Qh5+ 32. R1e2 Bxg3 33. Kd2 Bf4 0-1

[Event "Magdeburg op-B"]
[Site "Magdeburg"]
[Date "2014.06.11"]
[Round "6"]
[White "Friedrich, Laura"]
[Black "Hoeglauer, Jenny"]
[Result "1/2-1/2"]
[WhiteElo "1036"]
[BlackElo "1141"]
[PlyCount "128"]
[EventDate "2014.06.08"]
[EventType "swiss"]
[EventRounds "9"]
[EventCountry "GER"]
[SourceTitle "CBM 160 Extra"]
[Source "ChessBase"]
[SourceDate "2014.07.01"]
[SourceVersion "1"]
[SourceVersionDate "2014.07.01"]
[SourceQuality "1"]

1. e4 c5 2. Nf3 a6 3. a4 e6 4. Nc3 b6 5. d4 Bb7 6. Be2 cxd4 7. Nxd4 Bb4 8. Bd3 Nc6 9. Nb3 Ne5 10. Be3 Qc7 11. Bd2 Nf6 12. h3 Bxc3 13. Bxc3 Nxe4 14. Bxe4 Bxe4 15. 0-0 f6 16. Qe2 Qc6 17. Bxe5 fxe5 18. f3 Bxc2 19. Nd2 Bxa4 20. Qxe5 0-0 21. Qd4 Bb5 22. Rfc1 Qd5 23. Qxd5 exd5 24. Nb3 Rac8 25. Nd4 Rxc1+ 26. Rxc1 Bd3 27. Rd1 Bg6 28. Ne2 Rf5 29. Nc3 Bf7 30. Na4 b5 31. Nb6 Be6 32. Ra1 Re5 33. Rxa6 Re1+ 34. Kf2 Rb1 35. Ra2 d4 36. b3 Bxb3 37. Rd2 Rd1 38. Rxd1 Bxd1 39. Ke1 Bc2 40. Kd2 d3 41. Nxd7 b4 42. Nc5 Kf7 43. Nxd3 Bxd3 44. Kxd3 Kf6 45. Kc4 Kf5 46. Kxb4 Kf4 47. Kc3 Kg3 48. Kd3 Kxg2 49. Ke4 Kxh3 50. Kf4 Kh4 51. Kf5 g6+ 52. Kf6 Kh5 53. f4 Kh6 54. Ke5 Kh5 55. f5 gxf5 56. Kxf5 Kh4 57. Kf4 h5 58. Kf3 Kh3 59. Kf2 Kh2 60. Kf1 h4 61. Kf2 h3 62. Kf1 Kg3 63. Kg1 h2+ 64. Kh1 Kh3 1/2-1/2

[Event "Magdeburg op-B"]
[Site "Magdeburg"]
[Date "2014.06.09"]
[Round "3"]
[White "Friedrich, Laura"]
[Black "Schneider, Anna"]
[Result "1-0"]
[WhiteElo "1036"]
[BlackElo "734"]
[PlyCount "101"]
[EventDate "2014.06.08"]
[EventType "swiss"]
[EventRounds "9"]
[EventCountry "GER"]
[SourceTitle "CBM 160 Extra"]
[Source "ChessBase"]
[SourceDate "2014.07.01"]
[SourceVersion "1"]
[SourceVersionDate "2014.07.01"]
[SourceQuality "1"]

1. e4 e5 2. Nf3 Nc6 3. Nc3 Nf6 4. Bb5 a6 5. Bxc6 dxc6 6. 0-0 Bb4 7. Nxe5 Bxc3 8. dxc3 Qxd1 9. Rxd1 Nxe4 10. Re1 Nc5 11. Nxc6+ Ne6 12. Nd4 0-0 13. Re3 Re8 14. Bd2 Bd7 15. Rg3 g6 16. h3 Nxd4 17. cxd4 Re7 18. Re3 Rae8 19. Rxe7 Rxe7 20. Re1 Rxe1+ 21. Bxe1 f5 22. f4 h6 23. Bh4 b6 24. Kf2 c5 25. d5 b5 26. c3 b4 27. c4 a5 28. b3 Bc8 29. Be7 Kf7 30. Bxc5 Ba6 31. Ke3 g5 32. fxg5 hxg5 33. Kd4 f4 34. Ke5 Bc8 35. a4 Bd7 36. Bb6 Bc8 37. Bxa5 Bxh3 38. gxh3 f3 39. Bb6 Kg6 40. Ke4 Kh5 41. Kxf3 Kh4 42. Ke4 Kxh3 43. Kf5 g4 44. Bf2 g3 45. Bxg3 Kxg3 46. d6 Kh4 47. d7 Kh5 48. d8Q Kh6 49. Qg5+ Kh7 50. Kf6 Kh8 51. Qg7# 1-0

[Event "GER-ch U12"]
[Site "Oberhof"]
[Date "2012.05.30"]
[Round "6"]
[White "Friedrich, Laura"]
[Black "Frank, Kamila"]
[Result "0-1"]
[WhiteElo "840"]
[BlackElo "932"]
[PlyCount "102"]
[EventDate "2012.05.27"]
[EventType "swiss"]
[EventRounds "11"]
[EventCountry "GER"]
[SourceTitle "CBM 148 Extra"]
[Source "ChessBase"]
[SourceDate "2012.06.22"]
[SourceVersion "1"]
[SourceVersionDate "2012.06.22"]
[SourceQuality "1"]

1. e4 e5 2. Nf3 Nc6 3. Bb5 a6 4. Ba4 Nf6 5. Nc3 Be7 6. d4 b5 7. Bb3 d6 8. d5 Na5 9. 0-0 Nxb3 10. cxb3 c5 11. Ne2 Nxe4 12. Qd3 Nf6 13. Ng3 Bb7 14. Qf5 Bxd5 15. Be3 Be6 16. Qg5 0-0 17. Nf5 Bxf5 18. Qxf5 Qd7 19. Qg5 h6 20. Qh4 Qg4 21. Qxg4 Nxg4 22. Bd2 e4 23. Ne1 Bf6 24. Rb1 Be5 25. Nc2 Nxh2 26. Rfc1 Ng4 27. g3 Bd4 28. Be3 Bxe3 29. Nxe3 Nxe3 30. fxe3 f5 31. Re1 g5 32. Rf1 Kg7 33. g4 fxg4 34. Rxf8 Rxf8 35. a4 h5 36. Kh2 Rf3 37. Rg1 Rxe3 38. axb5 axb5 39. Rg3 Rd3 40. Rg2 Rxb3 41. Re2 d5 42. Rd2 d4 43. Re2 b4 44. Kg2 d3 45. Re1 Rxb2+ 46. Kf1 d2 47. Rd1 c4 48. Ke2 c3 49. Rg1 d1Q+ 50. Kxd1 Rb1+ 51. Ke2 Rxg1 0-1

[Event "GER-ch U12"]
[Site "Oberhof"]
[Date "2012.05.27"]
[Round "1"]
[White "Muckle, Julius"]
[Black "Friedrich, Laura"]
[Result "1-0"]
[WhiteElo "1541"]
[BlackElo "840"]
[PlyCount "55"]
[EventDate "2012.05.27"]
[EventType "swiss"]
[EventRounds "11"]
[EventCountry "GER"]
[SourceTitle "CBM 148 Extra"]
[Source "ChessBase"]
[SourceDate "2012.06.22"]
[SourceVersion "1"]
[SourceVersionDate "2012.06.22"]
[SourceQuality "1"]

1. d4 d5 2. c4 dxc4 3. e3 Nf6 4. Bxc4 e6 5. Nc3 Bb4 6. a3 Bxc3+ 7. bxc3 0-0 8. Bd3 Qd5 9. Nf3 Nc6 10. 0-0 Ng4 11. h3 Nf6 12. Qc2 g6 13. e4 Qa5 14. Bh6 Re8 15. e5 Nd7 16. c4 Rb8 17. Bd2 Nb4 18. axb4 Qb6 19. c5 Qc6 20. b5 Qd5 21. Bc4 Qxf3 22. gxf3 Nf8 23. Rxa7 Bd7 24. Qe4 c6 25. b6 Ra8 26. Bh6 Rxa7 27. Qf4 Raa8 28. Qf6 1-0